000 00383nam a2200133Ia 4500
008 151001s9999||||xx |||||||||||||| ||und||
100 _aमहेंद्र मित्तल
245 _aनरेश मेहता के उपन्योसों में
250 _a1
260 _bआयुष्य
260 _c2009
300 _a405
365 _b21
999 _c994896
_d994893